Co je to syndrom vyhoření a jak na něj

Duševná pohoda zamestnancov sa čím ďalej viac dostáva do stredu pozornosti, od nej sa odvíja aj produktivita a angažovanosť zamestnancov. Na konferencii Prevencia syndrómu vyhorenia v zamestnaní usporiadanej spoločnosťou MultiSport o tom hovoril psychológ a terapeut Otakar Chaloupka.

Enregistré dans:
Détails bibliographiques
Format: Chapitre de livre
Langue:tchèque
Sujets:
Tags: Ajouter un tag
Pas de tags, Soyez le premier à ajouter un tag!

MARC

LEADER 00000naa a2200000 4500
001 0262020
005 20200131135826.9
041 0 |a cze 
044 |a CZ 
245 1 0 |a Co je to syndrom vyhoření a jak na něj 
520 |a Duševná pohoda zamestnancov sa čím ďalej viac dostáva do stredu pozornosti, od nej sa odvíja aj produktivita a angažovanosť zamestnancov. Na konferencii Prevencia syndrómu vyhorenia v zamestnaní usporiadanej spoločnosťou MultiSport o tom hovoril psychológ a terapeut Otakar Chaloupka. 
610 2 0 |a syndróm vyhorenia 
610 2 0 |a práca 
610 2 0 |a stresy 
610 2 0 |a emócie 
610 2 0 |a motivácia pracovná